000118010 001__ 118010 000118010 005__ 20200512152749.0 000118010 010__ $$a 000118010 020__ $$a9781788837385 000118010 020__ $$a9781788837385 000118010 0247_ $$2GVK$$aGVK:1027921043 000118010 037__ $$aERESRWTH-2019-00032 000118010 041__ $$aEnglish 000118010 1001_ $$0P:(DE-HGF)0$$aNair, Sandeep$$b0 000118010 245__ $$aMastering Apache Solr 7.x : an expert guide to advancing, optimizing, and scaling your enterprise search$$cSandeep Nair, Chintan Mehta, Dharmesh Vasoya 000118010 260__ $$aBirmingham$$bPackt$$cFebruary 2018 000118010 300__ $$aviii, 291 Seiten : Illustrationen 000118010 3367_ $$2BibTeX$$aBOOK 000118010 3367_ $$0PUB:(DE-HGF)3$$2PUB:(DE-HGF)$$aBook$$bbook$$mbook$$s1589217476_11839 000118010 3367_ $$2DataCite$$aOutput Types/Book 000118010 3367_ $$2ORCID$$aBOOK 000118010 3367_ $$01$$2EndNote$$aBook 000118010 3367_ $$2DRIVER$$abook 000118010 500__ $$a; English 000118010 588__ $$aDataset connected to GVK 000118010 7001_ $$aMehta, Chintan$$b1 000118010 7001_ $$aVasoya, Dharmesh$$b2 000118010 909CO $$ooai:reserves.ub.rwth-aachen.de:118010$$pVDB 000118010 9201_ $$0I:(DE-RON)19ss-70.00002$$k19ss-70.00002$$lProgra Kurs$$x0 000118010 9201_ $$0I:(DE-RON)18ss-Forschungsdatenmanagement$$k18ss-Forschungsdatenmanagement$$lKurs mit text-lvnr$$x1 000118010 9201_ $$0I:(DE-RON)19ws-3414$$k19ws-3414$$lRollentest 1$$x2 000118010 961__ $$c2020-05-11T19:18:05.574323$$i2019-10-25T11:39:40.979836$$x2019-10-25T11:39:40.979836$$z2020-05-11T19:18:05.574323 000118010 980__ $$abook 000118010 980__ $$aVDB 000118010 980__ $$aI:(DE-RON)19ss-70.00002 000118010 980__ $$aI:(DE-RON)18ss-Forschungsdatenmanagement 000118010 980__ $$aI:(DE-RON)19ws-3414 000118010 980__ $$aUNRESTRICTED
